000
00292nam a2200133Ia 4500
008
231129s1970||||xx |||||||||||||| ||spa||
040
_b
spa
082
_a
927.5 C578m
100
_a
Cirici Pellicer A.
245
0
_a
Miro en su obra
260
_c
1970
264
_a
Labor
942
_2
ddc
_c
BKS
999
_c
21247
_d
21247